|
|
|
|
| LEADER |
01245nam a22002771 4500 |
| 001 |
39722 |
| 003 |
BD-DhAAL |
| 008 |
221013t1955 nyu b 001 0 eng d |
| 999 |
|
|
|c 44956
|d 44956
|
| 040 |
|
|
|a DLC
|c OClW
|d Uk
|d DLC
|d BD-DhAAL
|
| 050 |
0 |
0 |
|a HN690.S45
|b D8 1955
|
| 082 |
|
|
|a 307.7620954
|2 23
|
| 100 |
1 |
|
|a Dube, S. C.
|q (Shyama Charan),
|d 1922-1996.
|9 51828
|
| 245 |
1 |
0 |
|a Indian village /
|c S. C. Dube ; foreword by Morris Edward Opler.
|
| 260 |
|
|
|a New York :
|b Cornell University Press,
|c 1955.
|
| 300 |
|
|
|a xiv, 248 pages :
|b plates ;
|c 23 cm.
|
| 490 |
1 |
|
|a International Library of Sociology and Social Reconstruction
|
| 504 |
|
|
|a Includes bibliographical references (pages 238-241) and index.
|
| 541 |
|
|
|a Donated By Akbar Ali Khan
|e 39722
|
| 650 |
|
0 |
|a Villages
|z India
|x Case studies.
|9 51829
|
| 651 |
|
0 |
|a Shamirpet (India)
|9 51830
|
| 651 |
|
0 |
|a India
|x Rural conditions
|x Case studies.
|9 51831
|
| 830 |
|
0 |
|a International library of sociology and social reconstruction (London)
|9 51832
|
| 852 |
|
|
|a Ayesha Abed Library
|c Akbar Ali Khan Collection
|
| 942 |
|
|
|2 ddc
|c BK
|
| 952 |
|
|
|0 0
|1 0
|2 ddc
|4 0
|6 307_762095400000000_DUB
|7 1
|9 72059
|a BRACUL
|b BRACUL
|c CS1
|d 2022-10-13
|e Donated by Akbar Ali Khan
|l 0
|o 307.7620954 DUB
|p 3010039722
|r 2022-10-13
|t 1
|w 2022-10-13
|y BK
|